| 000 | 00656nam a2200205 a 4500 | ||
|---|---|---|---|
| 001 | 000302794 | ||
| 003 | AM-YeHGA | ||
| 005 | 20250617130134.0 | ||
| 008 | 040123s1916 ai 000 | arm d | ||
| 040 | _aAM-YeHGA | ||
| 041 | 0 | _aarm | |
| 100 | 1 | _aՔեալաշեան, Գ. | |
| 245 | 1 | 0 |
_aԲանաստեղծութիւններ / _cԳ. Քեալաշեան; Հրատ.` Մ. Աղասեան. |
| 260 |
_aԹիֆլիս : _bտպ. Պրօգրես, _c1916. |
||
| 300 |
_aՊրակ ; _c16 սմ. |
||
| 505 | 1 | 0 | _gՊր. Ա (1916, 93 էջ) |
| 650 | 1 | 4 |
_aՀայ գրականություն _xՊոեզիա |
| 700 | 1 |
_aԱղասեան, Մ. _eհրատ. _4pbl |
|
| 090 | _c112876 | ||
| 999 |
_c111539 _d111539 |
||